000 00397nam a22001697a 4500
003 MACL
005 20160116143608.0
008 160116b xxu||||| |||| 00| 0 eng d
040 _cMACL
041 _aEnglish
082 _a616/KHA
100 _aKhanna Sahil
_932897
245 _aAll About And Asthma
260 _aNew Delhi
_bAngel Books
_c2010
650 _aMedical
_932898
942 _2ddc
_cBK
999 _c52641
_d52641